Members of Malice Mizer - Statistics

General Stats
  • This quiz has been taken 180 times
  • The average score is 7 of 8
Answer Stats
Answer % Correct
Mana
100%
Gackt
99%
Közi
92%
Kami
87%
Klaha
87%
Tetsu
86%
Yu~ki
85%
Gaz
66%
No matching quizzes found
Score Distribution
Percent of People with Each Score
Percentile by Number Answered
Your Score History
You have not taken this quiz